Single-subject experimental research: applications for literacy

Bewaard in:
Bibliografische gegevens
Hoofdauteurs: Neuman, Susan B. (Auteur), McCormick, Sandra (Auteur)
Formaat: Boek
Taal:Engels
Gepubliceerd in: Newark International Reading Association 1995
Onderwerpen:
Tags: Voeg label toe
Geen labels, Wees de eerste die dit record labelt!

MARC

LEADER 00000nam a2200000 a 4500
001 UCZ2053
003 CL-VaPUC
008 950925e19950000US |||||||||||||||||eng|d
082 0 4 |a 370.78  |b NEU  |2 21 
100 |a Neuman, Susan B.  |e author  |9 345835 
700 0 |a McCormick, Sandra  |e author  |9 345836 
245 1 0 |a Single-subject experimental research: applications for literacy 
300 |a 179 p 
942 |c BK 
945 |d 19950925 00:00:00  |a awong 
260 |a Newark  |b International Reading Association  |c 1995 
650 0 |a Educación  |9 258661 
650 0 |a Alfabetización   |9 310435 
650 7 |a METODOLOGIA DE LA ALFABETIZACION  |2 CL-VaPUC  |9 345837 
650 0 |a Investigación educacional   |9 261192 
583 |a last modification  |c 19950925 00:00:00  |k Rodrigo Vera 
999 |c 238709  |d 238707 
952 |0 0  |1 0  |4 0  |6 370_780000000000000_NEU_1995  |7 0  |8 A  |9 249120  |a FDOPOS  |b FDOPOS  |d 2019-11-18  |i 3131645  |o 370.78 NEU 1995  |p 3131645  |r 2025-01-22  |w 2019-11-18  |y BK  |k MLA